CAP reform agreement (Record no. 72963)
[ view plain ]
| 000 -LEADER | |
|---|---|
| fixed length control field | 01266cam a2200217 4500 |
| 001 - CONTROL NUMBER | |
| control field | WB3925-16 |
| 008 - FIXED-LENGTH DATA ELEMENTS--GENERAL INFORMATION | |
| fixed length control field | 030701n2003 000 0 eng u |
| 035 ## - SYSTEM CONTROL NUMBER | |
| System control number | (Sirsi) u122836 |
| 245 ## - TITLE STATEMENT | |
| Title | CAP reform agreement |
| 260 ## - PUBLICATION, DISTRIBUTION, ETC. | |
| Date of publication, distribution, etc. | 2003 |
| 490 ## - SERIES STATEMENT | |
| Series statement | RICS Rural Faculty News |
| Volume/sequential designation | 27 June 2003 (4) |
| 520 ## - SUMMARY, ETC. | |
| Summary, etc. | EU farm ministers have finally agreed on the much disputed formula for reforming the Common Agricultural Policy (CAP). In a statement to the House of Commons Secretary of State Margaret Beckett assured MPs the agreement proposals would deliver 'real change' to European farming. The most important element in the package is the new Single Farm Payment which can be used to replace the various existing direct payment schemes. A summary of the agreement is available at www.defra.gov.uk/farm/capreform/agreement-summary.htm. Margaret Beckett's statement is available at www.defra.gov.uk/corporate/ministers/statements/mb030626.htm. www.rics.org/ricscms/bin/show?class=News&template=/includes/shownews.html&id=6281 |
| 590 ## - LOCAL NOTE (RLIN) | |
| Local note | WB |
| 650 ## - SUBJECT ADDED ENTRY--TOPICAL TERM | |
| Topical term or geographic name entry element | COMMON AGRICULTURAL POLICY |
| 650 ## - SUBJECT ADDED ENTRY--TOPICAL TERM | |
| Topical term or geographic name entry element | CAP REFORM |
| 650 ## - SUBJECT ADDED ENTRY--TOPICAL TERM | |
| Topical term or geographic name entry element | SINGLE FARM PAYMENT |
| 650 ## - SUBJECT ADDED ENTRY--TOPICAL TERM | |
| Topical term or geographic name entry element | EUROPEAN COMMISSION |
| 650 ## - SUBJECT ADDED ENTRY--TOPICAL TERM | |
| Topical term or geographic name entry element | FARMING INDUSTRY |
| 690 ## - LOCAL SUBJECT ADDED ENTRY--TOPICAL TERM (OCLC, RLIN) | |
| Topical term or geographic name as entry element | RURAL-AGRICULTURE AND FORESTRY |
| 942 ## - ADDED ENTRY ELEMENTS (KOHA) | |
| Suppress in OPAC | 0 |
| Withdrawn status | Lost status | Source of classification or shelving scheme | Damaged status | Not for loan | Home library | Current library | Shelving location | Date acquired | Total Checkouts | Full call number | Barcode | Date last seen | Copy number | Price effective from | Koha item type |
|---|---|---|---|---|---|---|---|---|---|---|---|---|---|---|---|
| Dewey Decimal Classification | London | London | News article | 01/07/2003 | WB3925-16 | 122836-1001 | 06/08/2019 | 1 | 06/08/2019 | News article |